[Event "XIV Open Primavera"]
[Site "Robecchetto con Induno ITA"]
[Date "2017.04.26"]
[Round "4"]
[White "Colombo, Emanuele"]
[Black "Ghiggini, Stefano"]
[Result "1-0"]
[WhiteElo "1584"]
[BlackElo "1326"]
[PlyCount "79"]
[EventDate "2017.04.06"]

1. e4 c5 2. Nf3 d6 3. d4 cxd4 4. Nxd4 Nf6 5. Nc3 a6 6. Bg5 Nbd7 7. Qd2 Qc7 8.
O-O-O e6 9. Be2 Be7 10. h4 h6 11. Be3 b5 12. a3 Bb7 13. f3 Nb6 14. g4 Nc4 15.
Bxc4 Qxc4 16. g5 Nd7 17. gxh6 gxh6 18. Bxh6 O-O-O 19. Bg5 Bxg5 20. Qxg5 Qc5 21.
Qe7 Rhf8 22. h5 Rde8 23. Qh4 Rh8 24. h6 Reg8 25. Qe7 Qg5+ 26. Qxg5 Rxg5 27. Rh3
Rg6 28. Rdh1 Nf6 29. Nde2 Ng8 30. Rd1 Rhxh6 31. Rxh6 Rxh6 32. Rxd6 Kc7 33. Rd3
Ne7 34. Nf4 Rh1+ 35. Kd2 Rh2+ 36. Nce2 Ng6 37. Nxg6 fxg6 38. Ke3 Rh3 39. Nf4
Rg3 40. Nxe6+ 1-0

[Event "XIV Open Primavera"]
[Site "Robecchetto con Induno ITA"]
[Date "2017.04.27"]
[Round "4"]
[White "Vighi, Gabriele"]
[Black "Frignani, Alessandro"]
[Result "1-0"]
[WhiteElo "1443"]
[BlackElo "1433"]
[PlyCount "91"]
[EventDate "2017.04.06"]

1. e4 e5 2. f4 Nc6 3. Nf3 f6 4. Bc4 Bc5 5. Nc3 Nge7 6. f5 h5 7. Na4 Bd6 8. Nh4
a6 9. Be2 b5 10. Nc3 Nd4 11. Bxh5+ Kf8 12. Ng6+ Nxg6 13. Bxg6 Bb7 14. d3 Ke7
15. Ne2 c5 16. c3 Nc6 17. Qb3 Qf8 18. Be3 Kd8 19. a4 b4 20. cxb4 Nxb4 21. Rc1
Rc8 22. Rc3 a5 23. Kd2 Ba6 24. Nc1 Rb8 25. Qa3 Rc8 26. Qb3 Rb8 27. Qd1 Nc6 28.
Nb3 Nd4 29. Bxd4 cxd4 30. Rc1 Bb4+ 31. Ke2 d6 32. Rc6 Bb7 33. Rb6 Kc7 34. Rxb4
axb4 35. Qc2+ Bc6 36. Qc4 Qe7 37. Bf7 Qd7 38. Rc1 Rb6 39. a5 Rxh2 40. axb6+ Kb8
41. Qxc6 Rxg2+ 42. Kf3 Rxb2 43. Qc7+ Qxc7 44. bxc7+ Kc8 45. Be6+ Kb7 46. c8=Q+
1-0

[Event "XIV Open Primavera"]
[Site "Robecchetto con Induno ITA"]
[Date "2017.04.27"]
[Round "4"]
[White "Macchiettini, Pierangelo"]
[Black "Colombo, Sandro"]
[Result "1/2-1/2"]
[WhiteElo "1655"]
[BlackElo "1791"]
[PlyCount "43"]
[EventDate "2017.04.06"]

1. d4 d5 2. Nf3 c5 3. c4 dxc4 4. Qa4+ Nc6 5. e3 Qa5+ 6. Qxa5 Nxa5 7. Bd2 Nc6 8.
Bxc4 e6 9. Nc3 Nf6 10. Nb5 Kd8 11. dxc5 Bxc5 12. Rd1 Bd7 13. O-O a6 14. Nc3 Ke7
15. Bc1 Rhd8 16. a3 b5 17. Ba2 b4 18. axb4 Nxb4 19. Bb1 Bb5 20. Nxb5 Rxd1 21.
Rxd1 axb5 22. Bd2 1/2-1/2

[Event "XIV Open Primavera"]
[Site "Robecchetto con Induno ITA"]
[Date "2017.04.27"]
[Round "4"]
[White "Fortes Serra, Jordi"]
[Black "Colusso, Ermes"]
[Result "0-1"]
[WhiteElo "1472"]
[BlackElo "1741"]
[PlyCount "82"]
[EventDate "2017.04.06"]

1. d4 Nf6 2. c4 c5 3. d5 e6 4. Nc3 exd5 5. cxd5 d6 6. Nf3 g6 7. Bg5 Bg7 8. e4
O-O 9. Be2 h6 10. Bf4 Nh5 11. Bd2 Re8 12. Qc1 Kh7 13. O-O a6 14. h3 b5 15. Bd3
Nd7 16. g4 Nhf6 17. g5 hxg5 18. Bxg5 Ne5 19. Nxe5 Rxe5 20. f4 Re8 21. Kg2 b4
22. Nd1 Qd7 23. Qe3 Nxd5 24. Qf3 Nf6 25. Rb1 Bb7 26. Nf2 d5 27. Bxf6 Bxf6 28.
e5 Bg7 29. Qg3 c4 30. Be2 Rh8 31. Bg4 Qe7 32. Rfe1 Rae8 33. h4 d4+ 34. Bf3 f5
35. Nh3 d3 36. Ng5+ Kg8 37. Kh2 Bxf3 38. Qxf3 Rd8 39. Qc6 d2 40. Re2 d1=Q 41.
Qxc4+ Qd5 0-1

[Event "XIV Open Primavera"]
[Site "Robecchetto con Induno ITA"]
[Date "2017.04.27"]
[Round "4"]
[White "Santangelo, Riccardo"]
[Black "Caccia, Andrea"]
[Result "1-0"]
[WhiteElo "1707"]
[BlackElo "1365"]
[PlyCount "71"]
[EventDate "2017.04.06"]

1. d4 Nf6 2. Bf4 d5 3. Nf3 Bf5 4. e3 e6 5. c4 c6 6. h3 Bd6 7. Bg5 h6 8. Bxf6
Qxf6 9. c5 Bc7 10. Nc3 Ba5 11. Be2 Bxc3+ 12. bxc3 O-O 13. Ne5 Qe7 14. Qb3 f6
15. Nf3 a6 16. O-O g5 17. Nh2 Bxh3 18. gxh3 Qf7 19. Rab1 b5 20. cxb6 Nd7 21. c4
Rab8 22. c5 e5 23. Bxa6 f5 24. Be2 e4 25. f4 Nf6 26. Qd1 Kh8 27. fxg5 hxg5 28.
Rxf5 Rg8 29. Qf1 Qh7 30. Rxf6 Qh4 31. Rf7 g4 32. Bxg4 Qg3+ 33. Kh1 Qh4 34. Qf6+
Qxf6 35. Rxf6 Kg7 36. Rxc6 1-0

[Event "XIV Open Primavera"]
[Site "Robecchetto con Induno ITA"]
[Date "2017.04.27"]
[Round "4"]
[White "Rutigliano, Cesare"]
[Black "Rampazzo, Franco"]
[Result "1-0"]
[WhiteElo "1666"]
[BlackElo "1295"]
[PlyCount "89"]
[EventDate "2017.04.06"]

1. Nf3 Nc6 2. d4 d5 3. c4 b6 4. cxd5 Qxd5 5. Nc3 Qd8 6. e4 e6 7. a3 Nf6 8. Bg5
Be7 9. Bb5 Bd7 10. O-O a6 11. Ba4 b5 12. Bb3 O-O 13. e5 Nd5 14. Bxe7 Ncxe7 15.
Re1 Rc8 16. Bc2 c5 17. Bxh7+ Kxh7 18. Ng5+ Kg6 19. Qg4 f5 20. Qg3 Kh6 21. f4
Qe8 22. Rad1 Rh8 23. Nxd5 Nxd5 24. dxc5 Rxc5 25. Rd3 g6 26. Qf2 Rc4 27. g3 Kg7
28. Qa7 Rc6 29. Rxd5 exd5 30. e6 Qe7 31. Qxd7 Rc7 32. Qxd5 Rd8 33. Qe5+ Kg8 34.
Nf7 Kh7 35. Nxd8 Qxd8 36. e7 Rxe7 37. Qxe7+ Qxe7 38. Rxe7+ Kh6 39. Ra7 Kh5 40.
Rxa6 Kh6 41. Rb6 Kh5 42. Rxb5 g5 43. Rxf5 Kg4 44. Rxg5+ Kf3 45. a4 1-0

[Event "XIV Open Primavera"]
[Site "Robecchetto con Induno ITA"]
[Date "2017.04.27"]
[Round "4"]
[White "Gaspari, Giulio"]
[Black "Madaschi, Sergio"]
[Result "1-0"]
[WhiteElo "1717"]
[BlackElo "1389"]
[PlyCount "113"]
[EventDate "2017.04.06"]

1. d4 Nf6 2. c4 g6 3. Nc3 Bg7 4. Nf3 O-O 5. e4 d6 6. Be2 e5 7. d5 Nbd7 8. O-O
Nc5 9. Nd2 Ne8 10. b4 Na6 11. a3 f5 12. f3 Nf6 13. Nb3 f4 14. c5 dxc5 15. Bxa6
cxb4 16. Bxb7 Bxb7 17. axb4 a6 18. Nc5 Bc8 19. b5 Qd6 20. Ba3 Qb6 21. Kh1 Re8
22. Qb3 Kh8 23. N3a4 Qxb5 24. Qxb5 axb5 25. Nc3 Bd7 26. Nxd7 Nxd7 27. Nxb5 Rec8
28. Rfc1 Bf8 29. Bxf8 Rxa1 30. Rxa1 Nxf8 31. Rc1 Kg8 32. h3 g5 33. Rxc7 Rxc7
34. Nxc7 Kf7 35. Kg1 Ke7 36. Kf2 Kd6 37. Ke2 Kxc7 38. Kd3 Nd7 39. Kc4 Kd6 40.
Kd3 h5 41. Ke2 Nc5 42. Kf2 Nd3+ 43. Ke2 Nb2 44. Kf2 Na4 45. g3 fxg3+ 46. Kxg3
Ke7 47. h4 Kf6 48. hxg5+ Kxg5 49. f4+ exf4+ 50. Kf3 h4 51. e5 h3 52. e6 Nc5 53.
e7 h2 54. Kg2 f3+ 55. Kxh2 f2 56. Kg2 Ne4 57. e8=Q 1-0

[Event "XIV Open Primavera"]
[Site "Robecchetto con Induno ITA"]
[Date "2017.04.27"]
[Round "4"]
[White "Caccia, Mathias"]
[Black "Crotti, Massimo"]
[Result "1-0"]
[WhiteElo "1749"]
[BlackElo "1316"]
[PlyCount "123"]
[EventDate "2017.04.06"]

1. e4 c6 2. d4 d5 3. Nc3 Nf6 4. f3 dxe4 5. fxe4 Bg4 6. Be2 Bxe2 7. Ngxe2 e6 8.
Bg5 Be7 9. Qd2 h6 10. Bh4 Nbd7 11. Bg3 Bb4 12. Qd3 Nh5 13. Bf2 Nhf6 14. Qg3
Nxe4 15. Qxg7 Qf6 16. Qxf6 Ndxf6 17. Bh4 Nd5 18. O-O-O Nexc3 19. bxc3 Bxc3 20.
Rhf1 Ba5 21. Rf3 Bd8 22. Bxd8 Rxd8 23. Rdf1 Rd7 24. Ng3 Rg8 25. R1f2 Rg6 26.
Ne4 b6 27. c4 f5 28. cxd5 fxe4 29. Rf8+ Ke7 30. dxc6 Rxd4 31. c7 Rc4+ 32. Rc2
Rxc2+ 33. Kxc2 Rxg2+ 34. Kb3 Kxf8 35. c8=Q+ Kf7 36. Qb7+ Kf6 37. Qxe4 Rg5 38.
Qf4+ Kg6 39. h4 Rb5+ 40. Ka4 Ra5+ 41. Kb3 Rb5+ 42. Kc3 Rc5+ 43. Kd3 Rd5+ 44.
Ke3 a5 45. Qg4+ Kf7 46. Qf4+ Kg6 47. a4 Rf5 48. Qe4 Kf6 49. Qd4+ Ke7 50. Qxb6
Rh5 51. Qc7+ Ke8 52. Qd6 Kf7 53. Qf4+ Ke7 54. Ke4 Rc5 55. Qxh6 Rc4+ 56. Ke5
Rc5+ 57. Kd4 Rd5+ 58. Kc4 Rf5 59. Qg7+ Rf7 60. Qg5+ Kd6 61. Qd8+ Rd7 62. Qxa5
1-0

[Event "XIV Open Primavera"]
[Site "Robecchetto con Induno ITA"]
[Date "2017.05.04"]
[Round "5"]
[White "Cunati, Valerio"]
[Black "Bianchi, Alberto"]
[Result "0-1"]
[WhiteElo "1632"]
[BlackElo "1868"]
[PlyCount "74"]
[EventDate "2017.04.06"]

1. d4 Nf6 2. Nf3 b6 3. c4 e6 4. Nc3 Ba6 5. e4 Bb4 6. Bd3 Bb7 7. O-O Bxc3 8. e5
Bb4 9. exf6 Qxf6 10. Bg5 Bxf3 11. Qxf3 Qxf3 12. gxf3 Be7 13. Bxe7 Kxe7 14. d5
d6 15. Rfe1 e5 16. f4 f6 17. fxe5 fxe5 18. f4 Nd7 19. Bf5 Rae8 20. Re2 g6 21.
Bxd7 Kxd7 22. fxe5 Rxe5 23. Rxe5 dxe5 24. Rf1 Ke7 25. Re1 Kf6 26. Kg2 g5 27. b4
Re8 28. Re3 e4 29. Rg3 a5 30. Rb3 h5 31. Kf2 Ke5 32. Ke3 Rf8 33. a3 axb4 34.
Rxb4 Rf3+ 35. Ke2 Rh3 36. Ra4 Rxh2+ 37. Kf1 Rc2 0-1

[Event "XIV Open Primavera"]
[Site "Robecchetto con Induno ITA"]
[Date "2017.05.04"]
[Round "5"]
[White "Santoruvo, Gianfranco"]
[Black "Caccianiga, Andrea"]
[Result "0-1"]
[WhiteElo "1787"]
[BlackElo "1367"]
[PlyCount "74"]
[EventDate "2017.04.06"]

1. Nf3 Nc6 2. b3 d6 3. Bb2 e5 4. e3 a6 5. d3 Be7 6. g3 Be6 7. Bg2 Bf6 8. Nc3 d5
9. O-O Nge7 10. Ne2 Qd7 11. Re1 h5 12. Nd2 h4 13. c4 hxg3 14. hxg3 Bh3 15. Bh1
Nb4 16. Nc1 c6 17. a3 O-O-O 18. axb4 Bg4 19. f3 Rh3 20. fxg4 Rxg3+ 21. Bg2 Rxg4
22. Nf3 Rh8 23. Re2 Qf5 24. Rf2 Qh5 25. Kf1 Nf5 26. Qd2 Qh1+ 27. Bxh1 Ng3+ 28.
Kg1 Nxh1+ 29. Kf1 Ng3+ 30. Kg2 Ne4+ 31. Kf1 Rh1+ 32. Ng1 Nxd2+ 33. Rxd2 Rhxg1+
34. Kf2 Bh4+ 35. Ke2 R4g2+ 36. Kf3 Rxd2 37. Bxe5 Rf2# 0-1

[Event "XIV Open Primavera"]
[Site "Robecchetto con Induno ITA"]
[Date "2017.05.04"]
[Round "5"]
[White "Virgilio, Gianluca"]
[Black "Novi', Giuseppe"]
[Result "1-0"]
[WhiteElo "1783"]
[BlackElo "1825"]
[PlyCount "83"]
[EventDate "2017.04.06"]

1. d4 Nf6 2. Nf3 g6 3. Nbd2 d6 4. e4 Bg7 5. c3 O-O 6. Bd3 Nbd7 7. O-O e5 8.
dxe5 dxe5 9. Re1 Nh5 10. Qc2 Nc5 11. Bf1 Ne6 12. Nc4 f6 13. Be3 Qe7 14. b4 Bd7
15. a4 a6 16. Bd2 Bc6 17. Na5 Qe8 18. Bc4 Kh8 19. Qb3 Nhf4 20. Kf1 Ng5 21. Nxg5
fxg5 22. b5 axb5 23. axb5 Bd7 24. Nxb7 Qc8 25. Rxa8 Qxa8 26. Nc5 Bg4 27. Be3
Qc8 28. Kg1 Nxg2 29. Ra1 Nxe3 30. fxe3 Bh3 31. Be6 Bxe6 32. Qxe6 Qd8 33. Nd7
Re8 34. Qc6 h6 35. Ra7 g4 36. Rxc7 Qh4 37. Qc4 Qe1+ 38. Kg2 Qxe3 39. b6 Qf3+
40. Kg1 Qe3+ 41. Kf1 Re7 42. Rc8+ 1-0

[Event "XIV Open Primavera"]
[Site "Robecchetto con Induno ITA"]
[Date "2017.05.04"]
[Round "5"]
[White "Barrera, Pietro"]
[Black "Colombo, Ernesto"]
[Result "1-0"]
[WhiteElo "1812"]
[BlackElo "1542"]
[PlyCount "63"]
[EventDate "2017.04.06"]

1. e4 c5 2. Nc3 d6 3. f4 e6 4. Nf3 Nc6 5. Bb5 Bd7 6. Bxc6 Bxc6 7. O-O Nf6 8. d3
Be7 9. Qe1 b5 10. Qg3 b4 11. Ne2 g6 12. Qh3 Qb6 13. Be3 h5 14. Kh1 Ng4 15. Bg1
Qb5 16. b3 Bxe4 17. Nd2 Bc6 18. Nc4 a5 19. Rae1 Qb7 20. f5 gxf5 21. Nf4 Kd7 22.
d4 cxd4 23. Nd3 Rhg8 24. Re2 Bg5 25. Bxd4 Bd8 26. Rd1 f6 27. Bxf6 Bxg2+ 28.
Rxg2 Bxf6 29. Nc5+ Kc7 30. Nxb7 Kxb7 31. Nxd6+ Kc6 32. Qf3+ 1-0

[Event "XIV Open Primavera"]
[Site "Robecchetto con Induno ITA"]
[Date "2017.05.04"]
[Round "5"]
[White "Vighi, Gabriele"]
[Black "Colombo, Emanuele"]
[Result "1-0"]
[WhiteElo "1443"]
[BlackElo "1584"]
[PlyCount "69"]
[EventDate "2017.04.06"]

1. e4 c5 2. Nc3 Nc6 3. Nf3 d6 4. d4 cxd4 5. Nxd4 e5 6. Nb3 Be7 7. Bc4 Nf6 8.
O-O a6 9. a4 O-O 10. f4 Qb6+ 11. Kh1 Ng4 12. Qf3 Nd4 13. Nd5 Qd8 14. Nxd4 exd4
15. b3 Nf6 16. Bb2 Nxd5 17. Bxd5 Bf6 18. Rad1 Qc7 19. Rf2 d3 20. Bxf6 dxc2 21.
Rc1 gxf6 22. Rfxc2 Qb6 23. f5 Bd7 24. Qg4+ Kh8 25. Qh4 Qd4 26. Qh5 Kg7 27. Rc3
Rac8 28. Rxc8 Bxc8 29. h4 Kh8 30. Bxf7 Qe3 31. Rc7 Qf4 32. Be6 Qf1+ 33. Kh2
Qf4+ 34. Kh3 Qe3+ 35. g3 1-0

[Event "XIV Open Primavera"]
[Site "Robecchetto con Induno ITA"]
[Date "2017.05.02"]
[Round "5"]
[White "Testa, Loris"]
[Black "Rutigliano, Cesare"]
[Result "1-0"]
[WhiteElo "1903"]
[BlackElo "1666"]
[PlyCount "67"]
[EventDate "2017.04.06"]

1. Nf3 Nf6 2. d4 c5 3. g3 cxd4 4. Bg2 d3 5. Qxd3 Nc6 6. Bf4 d6 7. Nc3 g6 8. Rd1
Bg7 9. O-O O-O 10. e4 Bg4 11. h3 Bd7 12. Qe3 Qc8 13. Kh2 Rd8 14. e5 dxe5 15.
Nxe5 Nxe5 16. Bxe5 a5 17. Bxf6 Bxf6 18. Nd5 Re8 19. Nb6 Qxc2 20. Rd2 Qf5 21.
Rxd7 Ra6 22. Rfd1 Qb5 23. Nd5 Re6 24. Nxf6+ exf6 25. Qf3 b6 26. R1d2 f5 27. Qc3
f4 28. gxf4 Qf5 29. Qg3 Re2 30. Qg4 Qc5 31. Rxe2 Rxe2 32. Qxe2 Qf5 33. Qe8+ Kg7
34. Qe5+ 1-0

[Event "XIV Open Primavera"]
[Site "Robecchetto con Induno ITA"]
[Date "2017.05.04"]
[Round "5"]
[White "Mereghetti, Marco"]
[Black "Santangelo, Riccardo"]
[Result "1/2-1/2"]
[WhiteElo "1704"]
[BlackElo "1707"]
[PlyCount "36"]
[EventDate "2017.04.06"]

1. e4 e6 2. d4 d5 3. Nc3 Bb4 4. e5 b6 5. Qg4 Ne7 6. Qxg7 Rg8 7. Qxh7 c5 8. a3
cxd4 9. axb4 dxc3 10. Nf3 cxb2 11. Bxb2 Qc7 12. Bb5+ Nbc6 13. O-O Bb7 14. Rfe1
O-O-O 15. Qxf7 Rdf8 16. Qxe6+ Kb8 17. Nh4 Bc8 18. Qd6 Rf4 1/2-1/2

[Event "XIV Open Primavera"]
[Site "Robecchetto con Induno ITA"]
[Date "2017.05.04"]
[Round "5"]
[White "Colombo, Sandro"]
[Black "Koureas, Panicos"]
[Result "1/2-1/2"]
[WhiteElo "1791"]
[BlackElo "1439"]
[PlyCount "66"]
[EventDate "2017.04.06"]

1. c4 e6 2. Nc3 d5 3. e3 Nf6 4. Nf3 Be7 5. Be2 O-O 6. O-O b6 7. d4 Bb7 8. b3
Nbd7 9. Bb2 c5 10. cxd5 Nxd5 11. Nxd5 Bxd5 12. dxc5 Nxc5 13. Rc1 Rc8 14. Bc4
Bb7 15. Nd4 Bf6 16. Qg4 Bd5 17. Rfd1 Qd7 18. h4 Bxc4 19. bxc4 Qe7 20. h5 Kh8
21. Ba3 Be5 22. Nf3 f5 23. Qh3 Qf6 24. h6 gxh6 25. Nxe5 Qxe5 26. Bxc5 bxc5 27.
Rd7 Rc7 28. Rcd1 Rxd7 29. Rxd7 Qa1+ 30. Kh2 Qe5+ 31. g3 Qb2 32. Rxa7 Kg8 33.
Rc7 Qe5 1/2-1/2

[Event "XIV Open Primavera"]
[Site "Robecchetto con Induno ITA"]
[Date "2017.05.04"]
[Round "5"]
[White "Salerno, Christian"]
[Black "Gaspari, Giulio"]
[Result "0-1"]
[WhiteElo "1777"]
[BlackElo "1717"]
[PlyCount "52"]
[EventDate "2017.04.06"]

1. d4 d5 2. c4 e6 3. Nc3 Nf6 4. Nf3 Be7 5. Bf4 O-O 6. e3 a6 7. Rc1 c6 8. c5
Nbd7 9. Qa4 Re8 10. Bd3 Nh5 11. Bg3 Nxg3 12. hxg3 Nf8 13. Kd2 Bf6 14. Nh4 e5
15. Qd1 exd4 16. Bxh7+ Nxh7 17. Qh5 dxc3+ 18. bxc3 Re5 19. Qe2 Qa5 20. f4 Re6
21. Qh5 Bxh4 22. Qxh4 Rh6 23. Qe7 Rxh1 24. Qe8+ Nf8 25. Rxh1 Qxa2+ 26. Kd3 Bf5+
0-1

[Event "XIV Open Primavera"]
[Site "Robecchetto con Induno ITA"]
[Date "2017.05.04"]
[Round "5"]
[White "Frignani, Alessandro"]
[Black "Caccia, Mathias"]
[Result "1-0"]
[WhiteElo "1433"]
[BlackElo "1749"]
[PlyCount "83"]
[EventDate "2017.04.06"]

1. e4 e5 2. Bc4 Nf6 3. Nc3 Bc5 4. Nf3 d6 5. h3 Qe7 6. d3 h6 7. a3 Be6 8. b4 Bb6
9. Bb2 c6 10. Qe2 Nbd7 11. O-O-O Bc7 12. d4 exd4 13. Nxd4 Bxc4 14. Qxc4 Ne5 15.
Qe2 O-O 16. Nf5 Qe6 17. Nd4 Qd7 18. f4 Ng6 19. g3 Rfe8 20. Qf3 Qe7 21. Rhe1
Rad8 22. Kb1 Bb6 23. Nf5 Qe6 24. Na4 Bc7 25. Nc3 d5 26. Nd4 Qxh3 27. e5 Nd7 28.
Rh1 Nh4 29. Rxh3 Nxf3 30. Nxf3 Bb6 31. Nd4 Nf8 32. Nf5 Ne6 33. Ne2 Kf8 34. Nfd4
Nxd4 35. Bxd4 Bxd4 36. Nxd4 Ra8 37. Nf5 a5 38. bxa5 Rxa5 39. g4 Ra4 40. Rd4
Rxd4 41. Nxd4 Ra8 42. g5 1-0

[Event "XIV Open Primavera"]
[Site "Robecchetto con Induno ITA"]
[Date "2017.05.04"]
[Round "5"]
[White "Ghiggini, Stefano"]
[Black "Macchiettini, Pierangelo"]
[Result "0-1"]
[WhiteElo "1326"]
[BlackElo "1655"]
[PlyCount "82"]
[EventDate "2017.04.06"]

1. e4 c5 2. Nf3 d6 3. d4 cxd4 4. Nxd4 Nf6 5. Nc3 a6 6. Be3 e6 7. f3 Qc7 8. Qd2
Nbd7 9. O-O-O Be7 10. g4 Ne5 11. Be2 Nc4 12. Bxc4 Qxc4 13. Nb3 O-O 14. Qd4 Qxd4
15. Bxd4 e5 16. Be3 Be6 17. h4 Rfd8 18. Bb6 Rd7 19. Kb1 Rc8 20. Rhg1 Rc6 21.
Be3 b5 22. Nd5 Bxd5 23. exd5 Rc8 24. Rd3 Rdc7 25. c3 Ra8 26. Bb6 Rcc8 27. Na5
Bf8 28. Nc6 Re8 29. Re1 Rac8 30. Ree3 Nxd5 31. Rxd5 Rxc6 32. Ba5 Be7 33. Bb4 f6
34. Red3 Rd8 35. Ba5 Rd7 36. Bb4 Kf7 37. Kc2 g6 38. Kd2 Ke6 39. Ke3 f5 40. g5
Rc4 41. Bxd6 Bxd6 0-1

[Event "XIV Open Primavera"]
[Site "Robecchetto con Induno ITA"]
[Date "2017.05.04"]
[Round "5"]
[White "Caccia, Andrea"]
[Black "Rampazzo, Franco"]
[Result "0-1"]
[WhiteElo "1365"]
[BlackElo "1295"]
[PlyCount "160"]
[EventDate "2017.04.06"]

1. e4 c5 2. Nc3 d6 3. Nf3 Nc6 4. Bc4 a6 5. a3 b5 6. Ba2 Nf6 7. d3 e6 8. O-O Be7
9. Ne2 h6 10. c4 O-O 11. Ng3 Ng4 12. h3 Nge5 13. Nxe5 Nxe5 14. f4 Nc6 15. Be3
Bf6 16. Qd2 Bd4 17. Kh1 Qh4 18. Ne2 Bxe3 19. Qxe3 Bd7 20. b3 Rfe8 21. Rad1 e5
22. f5 Kh7 23. Qf2 Qxf2 24. Rxf2 g6 25. g4 gxf5 26. gxf5 f6 27. Rg1 Rg8 28.
Rfg2 Rxg2 29. Rxg2 Rg8 30. Rg4 Be8 31. Rxg8 Kxg8 32. h4 Bh5 33. Nc3 Nd4 34. Nd5
Kg7 35. Nc7 bxc4 36. bxc4 Nf3 37. Nxa6 Ne1 38. Nc7 Nxd3 39. a4 Bf3+ 40. Kg1
Bxe4 41. Ne8+ Kf8 42. Nxd6 Bc6 43. a5 Nb4 44. Bb1 Ke7 45. Ne4 Bxe4 46. Bxe4 Kd7
47. Kg2 Kc7 48. Kf3 Nc6 49. Bxc6 Kxc6 50. Kg4 Kb7 51. Kf3 Ka6 52. Ke4 Kxa5 53.
Kd5 Kb4 54. h5 e4 55. Kxe4 Kxc4 56. Ke3 Kc3 57. Ke4 Kb3 58. Kd5 c4 59. Ke6 c3
60. Kxf6 c2 61. Ke6 c1=Q 62. f6 Qc6+ 63. Kf7 Qd7+ 64. Kg6 Qg4+ 65. Kxh6 Qg8 66.
f7 Qf8+ 67. Kg6 Kc4 68. h6 Kd5 69. Kh7 Ke6 70. Kg6 Qxf7+ 71. Kg5 Qh7 72. Kh5
Kf6 73. Kg4 Qxh6 74. Kg3 Kf5 75. Kg2 Qg5+ 76. Kf3 Ke5 77. Kf2 Ke4 78. Ke2 Qg2+
79. Kd1 Kd3 80. Kc1 Qc2# 0-1

[Event "XIV Open Primavera"]
[Site "Robecchetto con Induno ITA"]
[Date "2017.05.04"]
[Round "5"]
[White "Madaschi, Sergio"]
[Black "Fortes Serra, Jordi"]
[Result "0-1"]
[WhiteElo "1389"]
[BlackElo "1472"]
[PlyCount "151"]
[EventDate "2017.04.06"]

1. d4 Nf6 2. Nf3 g6 3. c4 Bg7 4. Nc3 d6 5. e4 O-O 6. Be2 b6 7. O-O Bb7 8. Qc2
Nbd7 9. Rd1 Ne8 10. Be3 Qc8 11. Rac1 e5 12. b3 f5 13. exf5 Rxf5 14. d5 Qd8 15.
Qd2 Bc8 16. Ne4 Nf8 17. Ng3 Rf7 18. Ng5 Re7 19. N5e4 Rf7 20. Ng5 Re7 21. N3e4
Nf6 22. Nxf6+ Bxf6 23. Ne4 Rf7 24. Nxf6+ Qxf6 25. Rf1 Nd7 26. b4 Ba6 27. Bd3
Qe7 28. b5 Bb7 29. Be2 Nf6 30. Bg5 Bc8 31. Qe3 Bd7 32. a4 Qe8 33. f3 Kg7 34.
Bd3 Nh5 35. Bh6+ Kg8 36. Rce1 Nf4 37. Be4 Bf5 38. Bxf4 Bxe4 39. fxe4 exf4 40.
Rxf4 a6 41. Rxf7 Qxf7 42. Rf1 Qe7 43. Qf4 axb5 44. axb5 Ra4 45. Rc1 Ra2 46. h3
Re2 47. Ra1 Rxe4 48. Ra8+ Kg7 49. Qg3 Rxc4 50. Qf3 Rc1+ 51. Kf2 Qf7 52. Qxf7+
Kxf7 53. Ra7 Rc5 54. Ke3 Rxd5 55. Rxc7+ Kg8 56. Rc6 Rxb5 57. Rxd6 Kg7 58. Rd7+
Kh6 59. Rb7 g5 60. Kf3 Rb4 61. g4 Kg6 62. Kg3 Rb3+ 63. Kg2 h5 64. gxh5+ Kxh5
65. Rh7+ Kg6 66. Rb7 b5 67. Rb6+ Kf5 68. Rb8 b4 69. Rb5+ Kf4 70. Kh2 Rb2+ 71.
Kh1 b3 72. Rb4+ Kg3 73. Rg4+ Kxh3 74. Rxg5 Rb1+ 75. Rg1 Rxg1+ 76. Kxg1 0-1

[Event "XIV Open Primavera"]
[Site "Robecchetto con Induno ITA"]
[Date "2017.05.11"]
[Round "6"]
[White "Bianchi, Alberto"]
[Black "Caccianiga, Andrea"]
[Result "1-0"]
[WhiteElo "1868"]
[BlackElo "1367"]
[PlyCount "118"]
[EventDate "2017.04.06"]

1. Nf3 Nc6 2. d4 d5 3. Bf4 Bf5 4. e3 a6 5. Nc3 e6 6. a3 Bd6 7. Bg3 Nf6 8. Be2
O-O 9. Nh4 Ne7 10. Nxf5 Nxf5 11. Bf3 Re8 12. O-O Rc8 13. Qd3 c5 14. dxc5 Nxg3
15. hxg3 Bxc5 16. Rfd1 Qc7 17. Rac1 Qe5 18. Na4 Ba7 19. c4 dxc4 20. Qe2 b5 21.
Nc3 Red8 22. Bb7 Rxd1+ 23. Rxd1 Rb8 24. Bxa6 Qc5 25. Bxb5 g6 26. Qxc4 Qxc4 27.
Bxc4 Rxb2 28. Rc1 Kf8 29. a4 Bb6 30. Bb5 Ke7 31. Nd1 Rd2 32. Bc6 Re2 33. Nc3
Rb2 34. Bf3 Ba5 35. Nb5 Ra2 36. Bd1 Ne4 37. Nd4 Be1 38. Bc2 Bxf2+ 39. Kh2 Bxe3
40. Nc6+ Kd6 41. Rd1+ Kxc6 42. Bxe4+ Kc7 43. Rd3 Bb6 44. Rc3+ Kb8 45. Bc6 Ka7
46. Rd3 Bf2 47. Rd7+ Kb6 48. Bb5 Ra3 49. Rxf7 Bxg3+ 50. Kg1 Ra1+ 51. Bf1 h5 52.
Rf6 g5 53. Rxe6+ Kc7 54. Rg6 g4 55. Rg5 Rxa4 56. Rxh5 Ra2 57. Rg5 Bf2+ 58. Kh2
Ra6 59. Bxa6 g3+ 1-0

[Event "XIV Open Primavera"]
[Site "Robecchetto con Induno ITA"]
[Date "2017.05.11"]
[Round "6"]
[White "Cunati, Valerio"]
[Black "Barrera, Pietro"]
[Result "1-0"]
[WhiteElo "1632"]
[BlackElo "1812"]
[PlyCount "95"]
[EventDate "2017.04.06"]

1. Nf3 d5 2. d4 Nf6 3. Bg5 e6 4. Nbd2 Be7 5. e3 O-O 6. Bd3 Nbd7 7. O-O b6 8. c3
Bb7 9. Rc1 c5 10. Bb1 c4 11. Qc2 Ne4 12. Bf4 f5 13. Nxe4 fxe4 14. Ne5 Bf6 15.
Ng4 Qe7 16. f3 g5 17. Nxf6+ Qxf6 18. Bd6 Qh6 19. Bxf8 Nxf8 20. fxe4 dxe4 21.
Qf2 Qh5 22. Qf6 Bd5 23. Rf2 h6 24. Rcf1 Ng6 25. Qf7+ Kh8 26. Bc2 Rf8 27. Qxa7
Rxf2 28. Rxf2 e5 29. Qb8+ Bg8 30. Bxe4 exd4 31. Bxg6 Qxg6 32. Qe5+ Kh7 33. Qxd4
Qb1+ 34. Rf1 Qxb2 35. a4 Qc2 36. Qxb6 Qxa4 37. Qd4 Qc2 38. h3 Qe2 39. Ra1 Qd3
40. Ra7+ Kg6 41. Qg7+ Kh5 42. Qe5 Bd5 43. Qd4 Qb1+ 44. Kh2 Be4 45. Re7 Bd3 46.
Qg4+ Kg6 47. Qe6+ Kh5 48. g4+ 1-0

[Event "XIV Open Primavera"]
[Site "Robecchetto con Induno ITA"]
[Date "2017.05.11"]
[Round "6"]
[White "Virgilio, Gianluca"]
[Black "Vighi, Gabriele"]
[Result "1-0"]
[WhiteElo "1783"]
[BlackElo "1443"]
[PlyCount "59"]
[EventDate "2017.04.06"]

1. d4 Nf6 2. Nf3 e6 3. c4 c5 4. g3 cxd4 5. Nxd4 e5 6. Nb5 d6 7. Bg2 a6 8. N5c3
Be6 9. Bxb7 Ra7 10. Bg2 Bxc4 11. Qa4+ Bb5 12. Nxb5 Qd7 13. Be3 Be7 14. Bxa7
axb5 15. Qa5 Nc6 16. Bxc6 Qxc6 17. O-O O-O 18. Nc3 Qd7 19. Be3 Qh3 20. f3 Nh5
21. Rf2 f5 22. Nd5 Bd8 23. Qd2 Re8 24. Bg5 Re6 25. Bxd8 f4 26. e4 Rh6 27. Ne7+
Kh8 28. Qd5 Nf6 29. Qf7 fxg3 30. Qf8+ 1-0

[Event "XIV Open Primavera"]
[Site "Robecchetto con Induno ITA"]
[Date "2017.05.11"]
[Round "6"]
[White "Moroni, Luca"]
[Black "Testa, Loris"]
[Result "0-1"]
[WhiteElo "1764"]
[BlackElo "1903"]
[PlyCount "74"]
[EventDate "2017.04.06"]

1. d4 Nf6 2. Bf4 g6 3. e3 Bg7 4. h3 b6 5. Nf3 Bb7 6. Bc4 O-O 7. O-O c5 8. c3
Nc6 9. Nbd2 a6 10. Qe2 Re8 11. Rad1 d5 12. Bd3 Nd7 13. Rfe1 e5 14. dxe5 Ndxe5
15. Nxe5 Nxe5 16. Bc2 Qf6 17. Nf3 Nc4 18. Bg5 Qc6 19. Bb3 b5 20. Bxc4 dxc4 21.
Rd2 Qe4 22. Rd7 h6 23. Bh4 g5 24. Bg3 Rad8 25. Red1 Rxd7 26. Rxd7 b4 27. Qd2 b3
28. a3 Bc8 29. Rd8 Bb7 30. Rd7 Bf6 31. Rd6 Kg7 32. Rd7 Bc6 33. Rd6 Be7 34. Rd7
Bxd7 35. Qxd7 Rd8 36. Be5+ Kf8 37. Qc6 Qxc6 0-1

[Event "XIV Open Primavera"]
[Site "Robecchetto con Induno ITA"]
[Date "2017.05.11"]
[Round "6"]
[White "Novi', Giuseppe"]
[Black "Santoruvo, Gianfranco"]
[Result "1-0"]
[WhiteElo "1825"]
[BlackElo "1787"]
[PlyCount "67"]
[EventDate "2017.04.06"]

1. e4 e5 2. Nf3 Nc6 3. Bb5 a6 4. Ba4 Nf6 5. O-O d6 6. d3 Bg4 7. c3 Be7 8. Nbd2
O-O 9. Qe1 b5 10. Bc2 Nh5 11. h3 Bd7 12. Nb3 f5 13. d4 f4 14. Qe2 Qe8 15. a4
exd4 16. Nbxd4 Ne5 17. Bb3+ Kh8 18. axb5 Bxb5 19. c4 Bd7 20. Bd2 c5 21. Nxe5
dxe5 22. Nf3 Bd6 23. Bc3 Nf6 24. Rfd1 Qe7 25. Ba4 Rfd8 26. Bxd7 Rxd7 27. Ra4
Bb8 28. Rda1 Qe6 29. Ra5 Qb6 30. Nxe5 Re7 31. Nd3 Rxe4 32. Qf3 Qc6 33. Bxf6
gxf6 34. Nxc5 1-0